000 00551nam a2200205Ia 4500
005 20250508163825.0
008 008 250505s9999 xx 000 0 eng d
020 _a81-7251-023-3
037 _aTextual
040 _aFEDL
_beng
_cFEDL
041 _aeng
_2eng
084 _a370, PAN
_qFEDL
100 _aPandey R. S.
_9679863
245 0 _aEducational controversies
260 _aAllahabad, India
_bHorizon Publishers
_c1998
300 _aviii,219p
650 _aEducation
942 _cTEXL
_h370, PAN
999 _c1385465
_d1385465